000 00569nam a22002057a 4500
008 151002b xxu||||| |||| 00| 0 eng d
020 _a0130455164
041 0 _aeng
080 _a514.11
100 1 _aNeuhauser, Claudia,
245 1 0 _aCalculus for biology and medicine /
_cClaudia Neuhauser.
250 _a2nd ed.
260 _aUpper Saddle River, N.J. :
_bPearson/Prentice Hall,
_c2004.
300 _a1 v. (various pagings) :
_bme il.;
_c26 cm.
650 0 _aMjekësi
650 0 _aKalkulus
650 0 _aMatematik
650 0 _aBiomatematik
942 _2udc
_cBK
999 _c1224
_d1224